000 00833cab a2200277 4500
001 WB3317-06
008 090401t1997 xxu||||| |||| 00| 0 eng d
035 _a(Sirsi) u78080
041 _aeng
245 _aLandfill subsidence
260 _c1997
350 _a0
490 _aContract Journal
_v387(6115) 24 April 1997, 5(1)
520 _aAs more landfill sites are used for new development, structural problems with buildings are set to increase according to a leading geotechnical engineer.
650 _aDEVELOPMENTS
650 _aHOUSING DEVELOPMENT
650 _aLANDFILL SITES
650 _aLOW-RISE BUILDINGS
650 _aPROSPECTS
650 _aSETTLEMENT
650 _aSTRUCTURAL FAULTS
650 _aSUBSIDENCE
690 _aBUILT ENVIRONMENT-BUILDING PATHOLOGY
942 _n0
948 _c30/04/1997
999 _c49127
_d49127